000 00702nam a2200229 i 4500
001 C2-0109522
003 PPAK
005 20180727103001.0
008 970626s1990 my a|||| ||||| | may d
040 _aPPAK
_beng
_cPPAK
_erda
082 0 4 _a959.5112
_223
090 0 0 _a959.5112
_bMAH
_dKK
245 0 0 _aMahsuri siapa? Sumpahnya satu pembohongan peribadinya dipersoalkan
264 1 _a[Kuala Lumpur] :
_b[Dewan Bahasa dan Pustaka] ,
_c1990
300 _a[16 pages] :
_billustrations ;
_c30 cm
336 _2rdacontent
_atext
337 _2rdamedia
_aunmediated
338 _2rdacarrier
_avolume
500 _aDipetik dari Dewan Masyarakat, Mei 1990
650 1 0 _aKedah - History.
942 _ddc
_cB
999 _c27254
_d27254